Návrh zdokonalenia systému získavania a výberu zamestnancov vo vybranom podniku=The concept of system improvement by recruitment and selection of employees in the choice company. : Bakalárska práca

Saved in:
Bibliographic Details
Main Author: Masnicová, Lucia, 1987- (Author)
Other Authors: Čambál, Miloš, 1966- (xxx)
Format: Manuscript Book
Language:Slovak
Published: Trnava : STU v Bratislave MTF UPMK, 2009
Subjects:
Tags: Add Tag
No Tags, Be the first to tag this record!

MARC

LEADER 00000ntm a22000003a 4500
001 stu198301
005 20160719160047.0
008 100115s2009----xo------------------slo-d
040 |a STU  |b slo 
041 0 |a slo 
044 |a xo 
100 1 |a Masnicová, Lucia,  |d 1987-  |4 aut  |X 37832  |7 A000037832 
245 1 |a Návrh zdokonalenia systému získavania a výberu zamestnancov vo vybranom podniku=The concept of system improvement by recruitment and selection of employees in the choice company. :  |b Bakalárska práca 
260 |a Trnava :  |b STU v Bratislave MTF UPMK,  |c 2009 
500 |a Študijny program: Priemyselné manažérstvo 
500 |a Študijný odbor: 5.2.52 priemyselné inžinierstvo 
650 7 |a získavanie zamestnancov  |2 stusub 
650 7 |a výber zamestnancov  |2 stusub 
700 1 |a Čambál, Miloš,  |d 1966-  |4 xxx  |u M4000  |U MTF Materiálovotechnologická fakulta  |T MTF Ústav priemyselného inžinierstva a manažmentu  |X 279  |U M4000  |Y 84  |7 A000000279 
996 |b 284M077567  |c M*BP-4271  |l MMSKP  |s P  |a 0  |w stu198301_0001